=LDR 00000nam 2200000 4500 =001 000636 =005 20250711121215 =035 ##$$a 0010-0725000504 =007 ta =008 250711################a##########0#ind## =020 ##$$a 978-623 -118-833-5 =082 ##$$a 398.209 598 =084 ##$$a 398.209 598 NUR p =100 #$$a Nurhidayati, Fajriatun =245 1#$$a Permainan Pohon Besar /$c Fajriatun Nurhidayati =250 ##$$a cetakan kedua =260 ##$$a Jakarta Timur :$b Badan Pengembangan dan Pembinaan Bahasa,$c 2024 =300 ##$$a 24 hlm. : $b Ilus. ; $c 29,7 cm =650 #4$$a Cerita Anak - Indonesia =650 #4$$a Kesusastraan Anak =856 ##$$a TBM As-Suhada =990 ##$$a TBM04040404